Normal view
MARC view
- كريم، وصال صبيح
Entry Personal Name
001 - CONTROL NUMBER
- control field: 66774
003 - CONTROL NUMBER IDENTIFIER
- control field: JO-AjAnu
005 - DATE AND TIME OF LATEST TRANSACTION
- control field: 20251012111436.0
008 - FIXED-LENGTH DATA ELEMENTS
- fixed length control field: 251012|| aca||aabn | a|a d
040 ## - CATALOGING SOURCE
- Original cataloging agency: JO-AjAnu
100 ## - HEADING--PERSONAL NAME
- Personal name: كريم، وصال صبيح
- Relator term: مؤلف